logo

Bir Sreshtho Munshi Abdur Rouf Library
Jhenaidah Cadet College

রেখে যায় শুরু ও শুদ্ধতা / (Record no. 10257)

MARC details
000 -LEADER
fixed length control field 00657nam a2200217 a 4500
001 - CONTROL NUMBER
JCCL Control Number 10257
003 - CONTROL NUMBER IDENTIFIER
JCCL marc code BD-JhCC
005 - DATE AND TIME OF LATEST TRANSACTION
control field 20180422090540.0
008 - FIXED-LENGTH DATA ELEMENTS--GENERAL INFORMATION
fixed length control field 171111s1999 bg |||| ||a| 000 0 ben d
035 ## - SYSTEM CONTROL NUMBER
system control number (BD-JhCC)10257
040 ## - CATALOGING SOURCE
Original cataloging agency BD-JhCC
Modifying agency BD-JhCC
041 ## - LANGUAGE CODE
Language code of Book ben
082 ## - DEWEY DECIMAL CLASSIFICATION NUMBER
Classification number 891.4435
Author mark and Year AZA 1999
100 ## - MAIN ENTRY--PERSONAL NAME
Personal name আজম, শফিকুল
245 ## - TITLE STATEMENT
Title রেখে যায় শুরু ও শুদ্ধতা /
Statement of responsibility, etc শফিকুল আজম.
260 ## - PUBLICATION, DISTRIBUTION, ETC. (IMPRINT)
Place of publication, distribution, etc ঢাকা :
Name of publisher, distributor, etc জাগতি প্রকাশনী,
Date of publication, distribution, etc 1999.
300 ## - PHYSICAL DESCRIPTION
Pagination 79 p. :
Dimensions 22 cm.
650 ## - SUBJECT ADDED ENTRY--TOPICAL TERM
Topical term or geographic name as entry element Short Stories
942 ## - ADDED ENTRY ELEMENTS (KOHA)
Source of classification or shelving scheme Dewey Decimal Classification
Koha item type Books
Holdings
Source of classification or shelving scheme Damaged status Not for loan Home library Current library Shelving location Date of accession Cost, normal purchase price Total Checkouts Full call number Barcode Date last seen Copy number Koha item type
Dewey Decimal Classification     JCC Rouf Library JCC Rouf Library General Stacks 04/22/2018 60.00   891.4435 AZA 1999 13486 04/22/2018 C-1 Books

JCC Library | Contacts | JCC Home

Last Update on 23 September 2017
Copyright @ 2017-2020 JCC Rouf Library
Rouf Library, Jhenidah Cadet College (JCC), Bangladesh